|
|
|
|
| LEADER |
00000cam a22000004a 4500 |
| 001 |
musev2_45111 |
| 003 |
MdBmJHUP |
| 005 |
20230905044723.0 |
| 006 |
m o d |
| 007 |
cr||||||||nn|n |
| 008 |
160324s2016 nbu o 00 0 eng d |
| 020 |
|
|
|a 9780803286740
|
| 020 |
|
|
|z 9780803285507
|
| 035 |
|
|
|a (OCoLC)945553108
|
| 040 |
|
|
|a MdBmJHUP
|c MdBmJHUP
|
| 245 |
0 |
4 |
|a The Life of Ten Bears :
|b Comanche Historical Narratives /
|c collected by Francis Joseph Attocknie ; edited and with an introduction by Thomas W. Kavanagh.
|
| 264 |
|
1 |
|a Lincoln, NB :
|b University of Nebraska Press,
|c [2016]
|
| 264 |
|
3 |
|a Baltimore, Md. :
|b Project MUSE,
|c 2016
|
| 264 |
|
4 |
|c ©[2016]
|
| 300 |
|
|
|a 1 online resource (264 pages).
|
| 336 |
|
|
|a text
|b txt
|2 rdacontent
|
| 337 |
|
|
|a computer
|b c
|2 rdamedia
|
| 338 |
|
|
|a online resource
|b cr
|2 rdacarrier
|
| 505 |
0 |
|
|a Title Page; Copyright Page; Contents; Introduction; Ten Bears-Attocknie Genealogy; Dedication; Preface; The Dated Narratives; 1. The Life of Ten Bears; 2. Peace with the Kiowas; 3. Uhta Hookne; 4. Nahwakatahnohpetuhupu; 5. Piakoruko's War against the Apaches; 6. Where the Comanches' Saddle Packs Were Captured; 7. The Badger's Mirror; 8. Disaster in Coahuila; 9. The Red-Striped Saddle Blanket; 10. The Battle at Little Robe Creek; 11. Wutsuki; 12. Tuhtahyuheekuh Evens the Score against the Osages; 13. Onawia Takes a New Wife and Goes to Mexico; 14. Buckskin Charlie versus Kiowas and Comanches.
|
| 505 |
0 |
|
|a 15. The Battle of the Washita16. The Battle of McClellan Creek; 17. The Battle of Adobe Walls; 18. The Last Sun Dance, the Last Raid; The Undated Narratives; 19. Esitoya's Loyalty; 20. Pukumahkuh's Two Escapes; 21. The Pukutsinuu; 22. Mubsiihuhtuko; 23. A Fight between Cavalry and a Comanche War Party; 24. Attocknie Gets Half a Scalp; 25. A Cripple and a Blind Man Form a Friendship; 26. Violation of a Dance Ground; 27. Pohocsucut and the Two Kiowas; 28. The Mule; 29. Querherbitty; 30. Comanche Pictographs; 31. Miscellaneous Religious Matters; 32. Fragmentary and Incomplete Narratives; Appendix; Notes; Bibliography; Index; About Francis Joseph Attocknie; About Thomas W. Kavanaugh.
|
| 588 |
|
|
|a Description based on print version record.
|
| 600 |
0 |
7 |
|a Ten Bears,
|d approximately 1790-1872.
|2 fast
|0 (OCoLC)fst01994483
|
| 600 |
0 |
1 |
|a Ten Bears,
|d approximately 1790-1872.
|
| 600 |
0 |
0 |
|a Ten Bears,
|d approximately 1790-1872.
|
| 650 |
|
7 |
|a Comanche Indians
|x Social life and customs.
|2 fast
|0 (OCoLC)fst00868905
|
| 650 |
|
7 |
|a Comanche Indians.
|2 fast
|0 (OCoLC)fst00868894
|
| 650 |
|
7 |
|a HISTORY
|z United States
|y 19th Century.
|2 bisacsh
|
| 650 |
|
7 |
|a HISTORY
|z United States
|x State & Local
|x West (AK, CA, CO, HI, ID, MT, NV, UT, WY)
|2 bisacsh
|
| 650 |
|
7 |
|a HISTORY
|z United States
|x State & Local
|x Southwest (AZ, NM, OK, TX)
|2 bisacsh
|
| 650 |
|
6 |
|a Comanche (Indiens)
|x Histoire
|v Sources.
|
| 650 |
|
6 |
|a Comanche (Indiens)
|x Folklore.
|
| 650 |
|
6 |
|a Comanche (Indiens)
|x Moeurs et coutumes.
|
| 650 |
|
6 |
|a Comanche (Indiens)
|x Histoire.
|
| 650 |
|
0 |
|a Comanche Indians
|x History
|v Sources.
|
| 650 |
|
0 |
|a Comanche Indians
|x Folklore.
|
| 650 |
|
0 |
|a Comanche Indians
|x Social life and customs.
|
| 650 |
|
0 |
|a Comanche Indians
|x History.
|
| 655 |
|
7 |
|a Sources.
|2 fast
|0 (OCoLC)fst01423900
|
| 655 |
|
7 |
|a History.
|2 fast
|0 (OCoLC)fst01411628
|
| 655 |
|
7 |
|a Folklore.
|2 fast
|0 (OCoLC)fst01423784
|
| 655 |
|
7 |
|a Electronic books.
|2 local
|
| 700 |
1 |
|
|a Kavanagh, Thomas W.,
|d 1949-
|e editor.
|
| 700 |
1 |
|
|a Attocknie, Francis Joseph,
|d 1912-1984,
|e compiler.
|
| 710 |
2 |
|
|a Project Muse.
|e distributor
|
| 830 |
|
0 |
|a Book collections on Project MUSE.
|
| 856 |
4 |
0 |
|z Texto completo
|u https://projectmuse.uam.elogim.com/book/45111/
|
| 945 |
|
|
|a Project MUSE - Custom Collection
|
| 945 |
|
|
|a Project MUSE - 2016 Native American and Indigenous Studies
|
| 945 |
|
|
|a Project MUSE - 2016 Archaeology and Anthropology
|
| 945 |
|
|
|a Project MUSE - 2016 Complete
|